| 000 | 00575cab a2200217 4500 | ||
|---|---|---|---|
| 001 | X97806 | ||
| 008 | 090401t1999 xxu||||| |||| 00| 0 eng d | ||
| 035 | _a(Sirsi) u92488 | ||
| 041 | _aeng | ||
| 245 | _aAshworth v Ballard | ||
| 260 | _c1999 | ||
| 350 | _a0 | ||
| 490 |
_aNew Property Cases _v[1999] NPC 36 (27/03/1999) |
||
| 650 | _aASHWORTH V BALLARD | ||
| 650 | _aDISTRESS FOR RENT ACT 1737 | ||
| 650 | _aLANDLORD AND TENANT ACT 1730 | ||
| 650 | _aTRESPASS | ||
| 690 | _aLANDLORD AND TENANT-CASE LAW-RESIDENTIAL TENANCIES | ||
| 942 | _n0 | ||
| 948 | _c01/04/1999 | ||
| 999 |
_c58635 _d58635 |
||